Statistiques concernant Culture Générale - Série 1164

Cliquez ici pour prendre le quiz!

Statistiques générales

  • Ce quiz a été pris 34 fois
  • Le résultat moyen est 2 sur 10

Statistiques - réponses

Question Réponse % Correct
Dans quelle région d'Italie se trouve la ville de Lodi ?Lombardie
55%
Dans quel pays est née la danse appelée "habanera" ?Cuba
55%
Ce mot désigne une rivière française et un état des Etats Unis dont la capitale est AugustaMaine
48%
Ce mot désigne un bateau, un pantalon de femme et un capitaine de navirecorsaire
24%
Quel était le prénom de l'écrivain, critique d'art, journaliste français Mirbeau (1848-1917) ?Octave
21%
A Trélazé, dans le département du Maine et Loire, on peut visiter le "Musée de ...l'ardoise
12%
Fête populaire annuelle de villages et petites villes, en Belgique et dans le nord de la France, organisée généralement le jour de la fête du saint patron, de la localité - synonyme de "kermesse"ducasse
12%
Qu'est-ce qu'un "serran" ou "sarran" ?poisson
9%
Galop d'essai d'un cheval de coursecanter
6%
Herbe verte tropicale, très répandue dans la cuisine asiatique, et qui évoque un parfum de vanille, d'amande, mais aussi de verdurepandan
0%

Distribution des résultats

Percentile par nombre de réponses

% des personnes avec chaque résultat

Votre développement - résultats

Vous n’avez pas pris ce quiz